header

Stage fright (Record no. 25105)

MARC details
000 -LEADER
fixed length control field 01299nam a2200325Ia 4500
082 04 - DEWEY DECIMAL CLASSIFICATION NUMBER
Classification number 809.2/9112/0904
100 1# - MAIN ENTRY--AUTHOR NAME
Personal name Puchner, Martin,
245 10 - TITLE STATEMENT
Title Stage fright
260 ## - PUBLICATION, DISTRIBUTION, ETC. (IMPRINT)
Place of publication Baltimore :
Name of publisher John Hopkins University Press,
Year of publication c2002.
300 ## - PHYSICAL DESCRIPTION
Number of Pages x, 234 p.
650 #0 - SUBJECT ADDED ENTRY--TOPICAL TERM
Topical Term Drama
Topical Term Drama
Topical Term Modernism (Literature)
856 40 - ELECTRONIC LOCATION AND ACCESS
Uniform Resource Identifier http://site.ebrary.com/lib/rucke/Doc?id=10021563

No items available.

© 2026 Rongo University
Contact us: librarian | system librarian | Rongo university